| 000 | 00885nam a2200205Ia 4500 | ||
|---|---|---|---|
| 003 | GCL | ||
| 008 | 140319s9999 xx 000 0 ara d | ||
| 020 | _a364202977 | ||
| 040 |
_aGCL / _cGCL |
||
| 082 | 0 | 4 |
_aط _b953 _bو ر |
| 100 | 1 | _aوصفى ال وصفى | |
| 245 | 1 | 0 |
_aرايات الاسلام \ فى اليمامة - فى اليرموك - فى القادسية - فى عين شمس - فى نهاوند - فى ذات الصوارى - فى المغرب - فى الاندلس - فى حطين - فى المنصورة - فى عين جالوت / _cوصفى ال وصفى |
| 260 |
_aالقاهرة : _bدار المعارف ، _c1992 |
||
| 300 |
_aمتعدد ؛ _c20 سم |
||
| 490 |
_aرايات الاسلام _v0 |
||
| 650 | 0 | 4 | _aالاسلام - تاريخ |
| 650 | 0 | 4 | _aادب الاطفال |
| 650 | 0 | 4 | _aالمعارك الحربية الاسلامية |
| 942 |
_2ddc _cBK |
||
| 999 |
_c56322 _d56322 |
||